Gross Value Added in the Music Industry: The Impact of Digitalization and Streaming Platforms

Digitalizácia výrazne zmenila hudobný priemysel a spôsobila posun ekonomickej hodnoty smerom k streamovacím platformám. Táto štúdia skúma vzťah medzi príjmami zo streamovacích služieb a hrubou pridanou hodnotou (HPH) v hudobnom priemysle, ako aj konkurenčné napätie medzi dominantnými platformami – S...

Descrizione completa

Salvato in:
Dettagli Bibliografici
Autore principale: Novosad, Dominik
Altri autori: Janikovičová, Sabina, 2000-, Barteková, Mária, 1992-
Natura: Capitolo di libro
Lingua:inglese
Soggetti:
Tags: Aggiungi Tag
Nessun Tag, puoi essere il primo ad aggiungerne!!

MARC

LEADER 00000naa$a2200000$$$4500
001 0311464
005 20250708110252.3
041 0 |a eng 
044 |a SK 
245 1 0 |a Gross Value Added in the Music Industry: The Impact of Digitalization and Streaming Platforms  |c Dominik Novosad, Sabina Janikovičová, Mária Barteková 
520 |a Digitalizácia výrazne zmenila hudobný priemysel a spôsobila posun ekonomickej hodnoty smerom k streamovacím platformám. Táto štúdia skúma vzťah medzi príjmami zo streamovacích služieb a hrubou pridanou hodnotou (HPH) v hudobnom priemysle, ako aj konkurenčné napätie medzi dominantnými platformami – Spotify a Apple Music. Na analýzu boli použité sekundárne údaje z rokov 2016 až 2023, získané z verejných správ a databáz. Korelačná analýza ukázala mierne silnú pozitívnu, ale štatisticky nevýznamnú koreláciu medzi HPH britského hudobného priemyslu a predajom Spotify. Naopak, veľmi silná a štatisticky významná negatívna korelácia bola potvrdená medzi predajom Apple Music a priemerným predajom Spotify na používateľa. 
610 2 0 |a hudba 
610 2 0 |a priemysel kreatívny 
610 2 0 |a digitalizácia 
610 2 0 |a vlastníctvo duševné 
610 2 0 |a príjmy 
100 1 |a Novosad, Dominik 
700 1 |a Janikovičová, Sabina, 2000- 
700 1 |a Barteková, Mária, 1992-